000 00615 a2200181 4500
999 _c5086
_d5086
020 _a0070098638
050 0 0 _aPZ5 ENC 1979
100 1 _aCarlsen, G. Robert,
_d1917-
_ecomp.
245 1 0 _aEncounters :
_bthemes in literature /
_c[compiled by] G. Robert Carlsen, Ruth Christoffer Carlsen.
250 _a3d ed.
264 _aNew York :
_bWebster Division, McGraw-Hill,
_c1979.
300 _axii, 754 p. :
_bill. ;
500 _aIncludes indexes.
650 0 _aLiterature
_xCollections.
650 1 _aLiterature
_xCollections.
700 1 _aCarlsen, Ruth Christoffer.
_eeditor
942 _2lcc
_cBK
_e3rd edition
_h5
_iENC
_kPZ